01005naa a2200181 i 4500001000400000003000900004005001700013008003900030040002100069080001100090100013200101245009700233500002100330520007800351650001500429700012100444773025800565566KOSZ 00520171214104612.0140530s2004 pl f |000 0 pol cBPKdKOSZ 005/EG a005.511 aKORCZAK, Jerzy.d2000 - .bPolitechnika Koszalińska - Wydział Ekonomii i Zarządzania,cKatedra Organizacji i Zarządzania10aModelowanie systemu logistycznego stanowiska badawczego /cJerzy Korczak, Dariusz Woźniak. aDane z autopsji. aW pracy zaprezentowano model systemu logistycznego stanowiska badawczego. 0aLogistyka.1 aWOŹNIAK, Dariusz.d1996 - .bPolitechnika Koszalińska - Wydział Mechaniczny,cKatedra Inżynierii Mechanicznej0 iW :tTeoria i praktyka modelowania systemów logistycznych / red. nauk. Irena K. Hejduk. -dKoszalin : Wydaw. Uczelniane Politechniki Koszalińskiej, 2004. -gs. 92-97kMonografia Wydziału Ekonomii i Zarządzania / Politechnika Koszalińska ; nr 99